Entry Personal Name
Number of records used in: 1
001 - CONTROL NUMBER
003 - CONTROL NUMBER IDENTIFIER
005 - DATE AND TIME OF LATEST TRANSACTION
- control field:
20250524123709.0
008 - FIXED-LENGTH DATA ELEMENTS
- fixed length control field:
930730n| azannaabn |n aaa
010 ## - LIBRARY OF CONGRESS CONTROL NUMBER
- LC control number:
n 93072818
016 ## - NATIONAL BIBLIOGRAPHIC AGENCY CONTROL NUMBER
- Record control number:
1035J8805E
035 ## - SYSTEM CONTROL NUMBER
- System control number:
(OCoLC)oca03423081
040 ## - CATALOGING SOURCE
- Original cataloging agency:
DLC
- Language of cataloging:
eng
- Description conventions:
rda
- Transcribing agency:
DLC
- Modifying agency:
DLC
- Modifying agency:
CSt
- Modifying agency:
DLC
- Modifying agency:
CaOONL
042 ## - AUTHENTICATION CODE
100 1# - HEADING--PERSONAL NAME
- Personal name:
Datar, Srikant M.
373 ## - ASSOCIATED GROUP
- Associated group:
Harvard University
- Associated group:
Harvard Business School
- Source of term:
naf
377 ## - ASSOCIATED LANGUAGE
670 ## - SOURCE DATA FOUND
- Source citation:
Cost accounting, 1994:
- Information found:
CIP t.p. (Srikant Datar; Stanford Univ.) bk. t.p. (Srikant M. Datar)
670 ## - SOURCE DATA FOUND
- Source citation:
Management and cost accounting, 2018:
- Information found:
eCIP t.p. (Srikant M. Datar, Harvard University) data view screen (the Arthur Lowes Dickinson Professor of Business Administration and Faculty Chair of the Harvard Innovation Lab at Harvard Business School)